000 00371nam a22001577a 4500
008 240116b ||||| |||| 00| 0 eng d
020 _a9788122507652
041 _ahin
082 _a181.45
_bNAY
100 _aNautiyal Vinod Prasad
245 _aYog aur Manovigyan
260 _aNew Delhi
_bKitab Mahal Pub.
_c2023
300 _a173p.
650 _aYOGA
942 _cBK
999 _c47833
_d47833